000 00458nam a22001811c 4500
001 a987684669
008 060217s1958 gw a||| 000u eng d
041 _aeng
100 1 _aThompson, James M.
245 0 0 _aNapoleon Bonaparte, his rise and fall /
_cby J. M. Thompson
250 _a3. impr.
264 _aOxford :
_bBlackwell,
_c1958
300 _aIX, 411 S. : Ill
650 0 _aFrankreich
942 _cMG
040 _cRU-10907106
003 RU-10907106
999 _c6357
_d6357